Gaming Quiz

Random Gaming Quiz
Score 0/12 Timer 04:00
0 Plays Today
Basic Info Character Name % Correct
Jarl of Whiterun (unless he is overthrown by Stormcloaks)Jarl Balgruuf the Greater
86.2%
Nord woman found in the city of Riften along with her friend Aerin.Mjoll the Lioness
81%
Bosmer man found in Riverwood who works at the Riverwood mill and is an adept level archery teacher.Faendal
81%
Imperial man who owns a trading shop in Whiterun hold. Upon first meeting him, he'll ask you about a 'golden claw'Lucan Valerius
69%
Redguard beggar located in the city of Whiterun.Brenuin
44.8%
Nord bard who can be found 'wandering' the roads of Skyrim.Talsgar the Wanderer
24.1%
Forsworn agent in Markarth who, upon first entering the city, stabs a nord woman named Margret.Weylin
24.1%
Imperial man found in Dawnstar who is a member of the Mythic Dawn.Silus Vesuius
24.1%
Bosmer man who is the servant to the daedric prince Sheogorath.Dervenin
19%
Breton mage found in the College of WInterhold.Colette Marence
19%
Dumner woman found in Windhelm, who is accused of being an Imperial Spy.Suvaris Atheron
8.6%
Nord man found in Morthal who works at the mill.Thonnir
3.4%

You're not logged in!

Compare scores with friends on all Sporcle quizzes.
OR
Log In

Sporcle TV

Today on Sporcle TV


Watch our educational content, quiz creation guides, and fun videos on Sporcle TV.

Show Comments

Extras

Created Oct 19, 2013SourceReportNominate
Tags:Skyrim

Top Quizzes Today


Score Distribution

Paid Content

Your Account Isn't Verified!

In order to create a playlist on Sporcle, you need to verify the email address you used during registration. Go to your Sporcle Settings to finish the process.

Report this User

Report this user for behavior that violates our Community Guidelines.

Details: